Wolfsgrau und geheimnisvoll (Titelsatznr. 1498)

[ MARC ]
MARC-Details
000 -LEADER
fixed length control field 02411cam a2200493 c 4500
001 - CONTROL NUMBER
control field 1931821860
003 - CONTROL NUMBER IDENTIFIER
control field DE-627
005 - DATE AND TIME OF LATEST TRANSACTION
control field 20260212132724.0
007 - PHYSICAL DESCRIPTION FIXED FIELD--GENERAL INFORMATION
fixed length control field cr uuu---uuuuu
008 - FIXED-LENGTH DATA ELEMENTS--GENERAL INFORMATION
fixed length control field 250725s2023 xx |||||o 00| ||ger c
020 ## - INTERNATIONAL STANDARD BOOK NUMBER
International Standard Book Number 9783842089600
Terms of availability EPUB
024 7# - OTHER STANDARD IDENTIFIER
Standard number or code urn:nbn:de:gbv:18-epflicht-6186
Source of number or code urn
035 ## - SYSTEM CONTROL NUMBER
System control number (DE-627)1931821860
035 ## - SYSTEM CONTROL NUMBER
System control number (DE-599)KEP117291668
035 ## - SYSTEM CONTROL NUMBER
System control number (EPFHH)4d8f20b7-a11f-497f-8e59-e7d6b2d49712
035 ## - SYSTEM CONTROL NUMBER
System control number (EPFHH-TOKYOPOP)1040561522_9783842089600
035 ## - SYSTEM CONTROL NUMBER
System control number (DE-627-1)117291668
040 ## - CATALOGING SOURCE
Original cataloging agency DE-627
Language of cataloging ger
Transcribing agency DE-627
Description conventions rda
041 ## - LANGUAGE CODE
Language code of text/sound track or separate title ger
Language code of original jpn
072 #7 - SUBJECT CATEGORY CODE
Subject category code 9182
Source wsb
082 04 - DEWEY DECIMAL CLASSIFICATION NUMBER
Classification number 741.5
Assigning agency DE-576
245 00 - TITLE STATEMENT
Title Wolfsgrau und geheimnisvoll
Statement of responsibility, etc. Machi Suehiro
264 #1 - PRODUCTION, PUBLICATION, DISTRIBUTION, MANUFACTURE, AND COPYRIGHT NOTICE
Place of production, publication, distribution, manufacture Hamburg
Name of producer, publisher, distributor, manufacturer TOKYOPOP Verlag
Date of production, publication, distribution, manufacture, or copyright notice 2023
300 ## - PHYSICAL DESCRIPTION
Extent 1 Online-Ressource (196 S.)
336 ## - CONTENT TYPE
Content type term Text
Content type code txt
Source rdacontent
337 ## - MEDIA TYPE
Media type term Computermedien
Media type code c
Source rdamedia
338 ## - CARRIER TYPE
Carrier type term Online-Ressource
Carrier type code cr
Source rdacarrier
490 0# - SERIES STATEMENT
Series statement Fuchsrot wie die Eifersucht
520 ## - SUMMARY, ETC.
Summary, etc. Nach einem anstrengenden Tag an der Uni gibt es für den Doktoranden Shiroki kaum etwas Schöneres, als den Tag in Ruhe ausklingen zu lassen. Wäre da nicht sein Nachbar Hayato, der regelmäßig einen tierischen Radau veranstaltet. Shiroki wird es schließlich zu bunt und er weist Hayato zurecht. An den folgenden Tagen ist es ungewöhnlich ruhig nebenan. Beinah zu ruhig. Als sich plötzlich Shirokis Katze ausbüxt und auf den Nachbarbalkon flüchtet, muss er wieder bei Hayato klopfen. Da ihm jedoch niemand die Tür öffnet, lässt er sich selbst ein und entdeckt so seinen bewusstlosen Nachbarn – doch warum hat der plötzlich die Ohren und den Schwanz eines Wolfes?! Das süße Spin-off zu Fuchsrot wie die Eifersucht!
583 1# - ACTION NOTE
Action Archivierung/Langzeitarchivierung gewährleistet
Authorization PEHH
Action agent DE-576
Source of term pdager
Institution to which field applies DE-18
650 #4 - SUBJECT ADDED ENTRY--TOPICAL TERM
Topical term or geographic name entry element Japan
650 #4 - SUBJECT ADDED ENTRY--TOPICAL TERM
Topical term or geographic name entry element Manga
650 #4 - SUBJECT ADDED ENTRY--TOPICAL TERM
Topical term or geographic name entry element Boys Love
650 #4 - SUBJECT ADDED ENTRY--TOPICAL TERM
Topical term or geographic name entry element Yaoi
650 #4 - SUBJECT ADDED ENTRY--TOPICAL TERM
Topical term or geographic name entry element Kawaii
650 #4 - SUBJECT ADDED ENTRY--TOPICAL TERM
Topical term or geographic name entry element Wolf
951 ## - EQUIVALENCE OR CROSS-REFERENCE--GEOGRAPHIC NAME/AREA NAME [OBSOLETE] [CAN/MARC only]
Geographic name BO
700 1# - ADDED ENTRY--PERSONAL NAME
Field link and sequence number 1\p
Personal name Suehiro, Machi
Relator term VerfasserIn
Authority record control number or standard number (DE-588)1272358941
-- (DE-627)1821317866
Relationship aut
776 1# - ADDITIONAL PHYSICAL FORM ENTRY
International Standard Book Number 9783842084223
776 08 - ADDITIONAL PHYSICAL FORM ENTRY
Relationship information Erscheint auch als
Note Druck-Ausgabe
International Standard Book Number 9783842084223
856 40 - ELECTRONIC LOCATION AND ACCESS
Uniform Resource Identifier <a href="https://nbn-resolving.org/urn:nbn:de:gbv:18-epflicht-6186">https://nbn-resolving.org/urn:nbn:de:gbv:18-epflicht-6186</a>
Contact for access assistance X:EPF
Electronic format type application/epub+zip
Public note lizenzpflichtig
Access status 1
883 ## - METADATA PROVENANCE
Field link and sequence number 1\p
Creation process cgwrk
Creation date 20250802
Assigning or generating agency DE-101
Uniform Resource Identifier https://d-nb.info/provenance/plan#cgwrk
942 ## - ADDED ENTRY ELEMENTS (KOHA)
Source of classification or shelving scheme Dewey Decimal Classification
Koha item type Manga
Suppress in OPAC No
Exemplare
Withdrawn status Lost status Source of classification or shelving scheme Damaged status Not for loan Home library Current library Shelving location Date acquired Total checkouts Barcode Date last seen Price effective from Koha item type
    Dewey Decimal Classification     Bunte Manga Potsdam Bunte Manga Potsdam Romance - Boy's Love 02/12/2026   1478 02/12/2026 02/12/2026 Manga

Powered by Koha